[Event "Belgrade Radnicki IM2 05"]
[Site "Belgrade"]
[Date "2025.05.30"]
[Round "5"]
[White "Bharadia, Yash"]
[Black "Djokic, Nenad"]
[Result "1-0"]
[WhiteElo "2355"]
[BlackElo "2228"]
[PlyCount "99"]
[EventDate "2025.05.26"]
[EventType "tourn"]
[EventRounds "9"]
[EventCountry "SRB"]
[SourceTitle "CB24_2025"]
[SourceDate "2025.06.11"]
[SourceVersion "1"]
[SourceVersionDate "2025.06.11"]
[SourceQuality "1"]

1. e4 e5 2. Nf3 Nc6 3. Bb5 a6 4. Ba4 Nf6 5. 0-0 Be7 6. Re1 b5 7. Bb3 d6 8. c3 0-0 9. h3 Nb8 10. d4 Nbd7 11. Nbd2 Bb7 12. Bc2 Re8 13. Nf1 Bf8 14. Ng3 g6 15. Bd2 Bg7 16. Qc1 d5 17. Bg5 Qc8 18. dxe5 Nxe4 19. Bf4 Ndc5 20. Nf1 Ne6 21. Bh6 Qd8 22. N1h2 f5 23. exf6 Nxf6 24. Ne5 Qd6 25. Nhg4 Nxg4 26. Nxg4 Rf8 27. Bxg7 Nxg7 28. Qg5 Rae8 29. Rxe8 Nxe8 30. Re1 Kh8 31. Qh6 Kg8 32. Qg5 Kh8 33. Re7 Nf6 34. Qe5 Qxe5 35. Nxe5 Re8 36. Nf7+ Kg8 37. Rxc7 Re1+ 38. Kh2 Ba8 39. Nd8 Kh8 40. Rc8 Re8 41. Rxa8 Nd7 42. Bb3 Kg7 43. a4 Nc5 44. Bxd5 Kf6 45. axb5 axb5 46. Bc6 Re2 47. Nb7 Ne6 48. Bxb5 Rxb2 49. c4 Rxf2 50. Nc5 1-0

[Event "Belgrade Radnicki IM2 05"]
[Site "Belgrade"]
[Date "2025.05.27"]
[Round "2"]
[White "Djokic, Nenad"]
[Black "Pavan Karthikeya, Varma Guntur"]
[Result "1/2-1/2"]
[WhiteElo "2228"]
[BlackElo "2173"]
[PlyCount "168"]
[EventDate "2025.05.26"]
[EventType "tourn"]
[EventRounds "9"]
[EventCountry "SRB"]
[SourceTitle "CB24_2025"]
[SourceDate "2025.06.11"]
[SourceVersion "1"]
[SourceVersionDate "2025.06.11"]
[SourceQuality "1"]

1. d4 Nf6 2. c4 e6 3. Nf3 b6 4. g3 Ba6 5. Qa4 Bb7 6. Bg2 Be7 7. 0-0 0-0 8. Rd1 c6 9. Nc3 d5 10. Ne5 a6 11. cxd5 b5 12. Qb3 cxd5 13. a4 b4 14. Bg5 Nfd7 15. Bxe7 Qxe7 16. Nxd7 Nxd7 17. Na2 a5 18. Rdc1 Nb6 19. Qd1 Rfc8 20. Rxc8+ Rxc8 21. Nc1 Bc6 22. Nd3 Qe8 23. b3 Nd7 24. Rc1 Bb7 25. Qd2 Rxc1+ 26. Qxc1 Qc8 27. Nc5 Nxc5 28. dxc5 h6 29. Qe3 Qc7 30. f4 Qc6 31. Bf3 Ba6 32. Qd4 Bb7 33. h4 Qc7 34. Kg2 Qc6 35. h5 Qc7 36. Kf2 Qc6 37. Kg2 Qc7 38. g4 Qe7 39. Kg3 Qc7 40. e3 Qc6 41. Kf2 Qc7 42. Be2 f6 43. Bf3 Kf8 44. c6 Qxc6 45. Qa7 Ba6 46. Qb8+ Kf7 47. Qd8 Bd3 48. f5 Be4 49. fxe6+ Qxe6 50. Qxa5 Bxf3 51. Qc7+ Kg8 52. Kxf3 Qe4+ 53. Kf2 Qxg4 54. Qd8+ Kh7 55. Qxd5 Qc8 56. Qe4+ f5 57. Qd3 Qc5 58. Kf3 Qe5 59. Qd4 Qh2 60. Qxb4 Qxh5+ 61. Kf2 Qh2+ 62. Kf1 Qh1+ 63. Ke2 Qg2+ 64. Kd1 h5 65. a5 Qf3+ 66. Kd2 Qf2+ 67. Kd3 h4 68. a6 Qf1+ 69. Kd2 Qxa6 70. Qxh4+ Kg6 71. Qd4 Kf7 72. b4 g5 73. Qd5+ Qe6 74. Qc5 g4 75. b5 g3 76. Qc7+ Ke8 77. b6 g2 78. b7 Qd7+ 79. Qxd7+ Kxd7 80. b8Q g1Q 81. Qe5 Qg2+ 82. Kc3 Qf3 83. Qf4 Qxf4 84. exf4 Kc7 1/2-1/2

[Event "Belgrade Radnicki IM 12"]
[Site "Belgrade"]
[Date "2024.12.09"]
[Round "7"]
[White "Djokic, Nenad"]
[Black "Shogdzhiev, Roman Sav"]
[Result "0-1"]
[WhiteElo "2238"]
[BlackElo "2260"]
[PlyCount "114"]
[EventDate "2024.12.03"]
[EventType "tourn"]
[EventRounds "9"]
[EventCountry "SRB"]
[SourceTitle "CB51_2024"]
[SourceDate "2024.12.18"]
[SourceVersion "1"]
[SourceVersionDate "2024.12.18"]
[SourceQuality "1"]

1. d4 d5 2. c4 c6 3. Nf3 Nf6 4. Nc3 e6 5. Bg5 h6 6. Bxf6 Qxf6 7. e3 Nd7 8. Rc1 g6 9. Bd3 dxc4 10. Bxc4 Bg7 11. 0-0 0-0 12. Qc2 Qe7 13. Rfd1 Rd8 14. a3 b6 15. h4 Bb7 16. h5 gxh5 17. Ne2 c5 18. d5 Ne5 19. Nxe5 exd5 20. Nxf7 Qxf7 21. Bd3 Qf6 22. Rd2 Rd6 23. Nf4 h4 24. Rcd1 Rad8 25. Qa4 a5 26. Bf1 Kh8 27. Nh5 Qg5 28. Nxg7 Kxg7 29. Qb3 Rf8 30. Qb5 Rdf6 31. Qd7+ R8f7 32. Qh3 Bc6 33. b3 Bd7 34. f4 Qh5 35. Be2 Qxe2 36. Rxe2 Bxh3 37. gxh3 Rf5 38. Red2 Re7 39. Rd3 c4 40. bxc4 dxc4 41. Rd7 Rff7 42. Rxe7 Rxe7 43. Kf2 b5 44. Rb1 Rb7 45. Ke2 b4 46. axb4 axb4 47. Kd2 Kf6 48. e4 Rd7+ 49. Kc2 b3+ 50. Kc3 Rd3+ 51. Kxc4 Rxh3 52. e5+ Kf5 53. Re1 b2 54. e6 Re3 55. Rb1 Rxe6 56. Rxb2 h3 57. Rf2 Re3 0-1

[Event "Belgrade Radnicki IM 12"]
[Site "Belgrade"]
[Date "2024.12.07"]
[Round "5"]
[White "Djokic, Nenad"]
[Black "Simbelov, Roman T"]
[Result "1/2-1/2"]
[WhiteElo "2238"]
[BlackElo "2196"]
[PlyCount "87"]
[EventDate "2024.12.03"]
[EventType "tourn"]
[EventRounds "9"]
[EventCountry "SRB"]
[SourceTitle "CB51_2024"]
[SourceDate "2024.12.18"]
[SourceVersion "1"]
[SourceVersionDate "2024.12.18"]
[SourceQuality "1"]

1. d4 d5 2. c4 e6 3. Nf3 Nf6 4. Nc3 Be7 5. Bg5 h6 6. Bh4 dxc4 7. e3 0-0 8. Bxc4 c5 9. 0-0 cxd4 10. exd4 Nc6 11. Re1 Nh5 12. Bxe7 Nxe7 13. Ne5 Nf6 14. a3 b6 15. Qf3 Re8 16. Rad1 Bb7 17. Qh3 Ned5 18. Nxd5 Bxd5 19. Qb3 Rc8 20. Bxd5 Nxd5 21. h3 Qg5 22. Nf3 Qg6 23. g3 Rc2 24. Rd3 Rec8 25. Ne5 Qf5 26. Rf3 Qxh3 27. Qd3 Rc1 28. Qd2 R1c2 29. Qd1 Rxb2 30. g4 Qh4 31. Rxf7 Nf6 32. Qf3 Rbc2 33. Rf1 Qg5 34. Rxa7 h5 35. Qb3 hxg4 36. Qxe6+ Kh7 37. Kg2 R8c3 38. Rxg7+ Qxg7 39. Rh1+ Rh3 40. Qf5+ Kg8 41. Qxc2 Qb7+ 42. f3 Rxh1 43. Kxh1 gxf3 44. Qb3+ 1/2-1/2

[Event "Belgrade Radnicki IM 12"]
[Site "Belgrade"]
[Date "2024.12.06"]
[Round "4"]
[White "Damljanovic, Branko"]
[Black "Djokic, Nenad"]
[Result "1/2-1/2"]
[WhiteElo "2373"]
[BlackElo "2238"]
[PlyCount "81"]
[EventDate "2024.12.03"]
[EventType "tourn"]
[EventRounds "9"]
[EventCountry "SRB"]
[SourceTitle "CB51_2024"]
[SourceDate "2024.12.18"]
[SourceVersion "1"]
[SourceVersionDate "2024.12.18"]
[SourceQuality "1"]

1. d4 Nf6 2. c4 e6 3. Nf3 b6 4. Nc3 Bb7 5. Bg5 Bb4 6. Nd2 h6 7. Bh4 g5 8. Bg3 Bxc3 9. bxc3 d6 10. f3 Nbd7 11. e4 e5 12. Bd3 Qe7 13. Nf1 Nh5 14. Ne3 Nxg3 15. hxg3 c5 16. Bc2 0-0-0 17. d5 Kc7 18. Ba4 Nb8 19. Rh5 Qf6 20. Kf2 Bc8 21. g4 Qg6 22. Qb3 Nd7 23. Bc6 Nf6 24. Qa3 a5 25. Rb1 Ba6 26. Rhh1 Rb8 27. Qa4 Bc8 28. Qb5 Qg8 29. Ba8 Qe8 30. Qxe8 Nxe8 31. Bc6 Nf6 32. Rh2 Kd8 33. Rbh1 Ng8 34. Ke2 Ke7 35. Kd3 Kf6 36. g3 Kg6 37. Rb1 Nf6 38. Rhb2 h5 39. gxh5+ Nxh5 40. Rg1 Kf6 41. g4 1/2-1/2

[Event "Belgrade-chT Premier"]
[Site "Belgrade"]
[Date "2024.10.17"]
[Round "9.3"]
[White "Popadic, Dragan B"]
[Black "Djokic, Nenad"]
[Result "0-1"]
[WhiteElo "2108"]
[BlackElo "2215"]
[PlyCount "92"]
[EventDate "2024.10.09"]
[EventType "team-tourn"]
[EventRounds "11"]
[EventCountry "SRB"]
[SourceTitle "CB44_2024"]
[Source "Chessbase"]
[SourceDate "2024.10.30"]
[SourceVersion "1"]
[SourceVersionDate "2024.10.30"]
[SourceQuality "1"]
[WhiteTeam "Novi Belgrade"]
[BlackTeam "Belgrade Radnicki"]
[WhiteTeamCountry "SRB"]
[BlackTeamCountry "SRB"]

1. e4 c5 2. Nf3 e6 3. d3 Nc6 4. g3 g6 5. Bg2 Bg7 6. 0-0 Nge7 7. Re1 d6 8. c3 e5 9. Na3 0-0 10. Nc2 Qc7 11. Ne3 h6 12. h3 Be6 13. c4 Qd7 14. Kh2 f5 15. Rf1 f4 16. Nd5 g5 17. Nxe7+ Qxe7 18. Ng1 Nd4 19. Nf3 Nc6 20. Ng1 Rf7 21. Bf3 Raf8 22. Bg4 Nd4 23. Bxe6 Qxe6 24. g4 Bf6 25. Nf3 Rh7 26. Nxd4 exd4 27. f3 h5 28. Kg2 Kg7 29. Rh1 Rfh8 30. Bd2 hxg4 31. fxg4 Be5 32. Qf3 a6 33. a4 b6 34. b3 Kg6 35. Qd1 Qf6 36. Qf3 Rb7 37. Rhb1 b5 38. axb5 axb5 39. Rc1 bxc4 40. bxc4 Rb2 41. Rd1 Rhb8 42. Kf1 Qh8 43. Ke2 Qh4 44. Rh1 R8b3 45. Kd1 Qg3 46. Rf1 Rxd3 0-1

[Event "Belgrade-chT Premier"]
[Site "Belgrade"]
[Date "2024.10.11"]
[Round "3.4"]
[White "Djokic, Nenad"]
[Black "Gvozdenovic, Milos"]
[Result "1/2-1/2"]
[WhiteElo "2215"]
[BlackElo "2005"]
[PlyCount "71"]
[EventDate "2024.10.09"]
[EventType "team-tourn"]
[EventRounds "11"]
[EventCountry "SRB"]
[SourceTitle "CB44_2024"]
[Source "Chessbase"]
[SourceDate "2024.10.30"]
[SourceVersion "1"]
[SourceVersionDate "2024.10.30"]
[SourceQuality "1"]
[WhiteTeam "Belgrade Radnicki"]
[BlackTeam "Belgrade Partizan"]
[WhiteTeamCountry "SRB"]
[BlackTeamCountry "SRB"]

1. d4 d5 2. c4 e6 3. Nf3 Nf6 4. Nc3 a6 5. cxd5 exd5 6. Bg5 Be6 7. e3 Nbd7 8. Be2 Bd6 9. Rc1 c6 10. 0-0 Qc7 11. a3 Bg4 12. h3 Bxf3 13. Bxf3 Qb8 14. e4 dxe4 15. Nxe4 Nxe4 16. Bxe4 h6 17. Re1 hxg5 18. Bxc6+ Be7 19. Qe2 Qd8 20. Bxb7 Rb8 21. Bxa6 Kf8 22. Bb5 Nf6 23. Bc6 Bd6 24. b4 g4 25. Rc3 gxh3 26. gxh3 g6 27. b5 Kg7 28. Rf3 Rh4 29. Rd1 Nh5 30. Kf1 Nf4 31. Qe3 Qg5 32. Rg3 Qh5 33. Qf3 Qh6 34. Qe3 Qh5 35. Qf3 Qh6 36. Qe3 1/2-1/2

[Event "Belgrade Radnicki IM 07"]
[Site "Belgrade"]
[Date "2024.07.24"]
[Round "2"]
[White "Mijailovic, Zoran"]
[Black "Djokic, Nenad"]
[Result "1/2-1/2"]
[WhiteElo "2293"]
[BlackElo "2205"]
[PlyCount "70"]
[EventDate "2024.07.23"]
[EventType "tourn"]
[EventRounds "9"]
[EventCountry "SRB"]
[SourceTitle "EXT 2025"]
[Source "ChessBase"]
[SourceDate "2024.10.14"]
[SourceVersion "1"]
[SourceVersionDate "2024.10.14"]
[SourceQuality "1"]

1. d4 Nf6 2. c4 e6 3. Nf3 b6 4. e3 Bb7 5. Bd3 Be7 6. Nc3 d5 7. 0-0 0-0 8. b3 Nbd7 9. Bb2 c5 10. Qe2 dxc4 11. bxc4 Rc8 12. Rad1 cxd4 13. exd4 Re8 14. Ne5 Bf8 15. f4 Qc7 16. Qe3 a6 17. Qh3 g6 18. d5 exd5 19. Nxd5 Bxd5 20. cxd5 Nxe5 21. Bxe5 Qc5+ 22. Kh1 Nxd5 23. Bxa6 Rcd8 24. Rc1 Qa5 25. Bc4 Bg7 26. Qf3 Nf6 27. Qb7 Rf8 28. Bc7 Rd2 29. Bxb6 Qb4 30. Qa7 Ne4 31. Be3 Rdd8 32. Bb3 Qb5 33. Qa4 Qf5 34. Bc2 Rfe8 35. Rfe1 Ng3+ 1/2-1/2

[Event "Belgrade Gligoric 100 Ann op"]
[Site "Belgrade"]
[Date "2023.02.05"]
[Round "3"]
[White "Sanal, Vahap"]
[Black "Djokic, Nenad"]
[Result "1-0"]
[WhiteElo "2590"]
[BlackElo "2246"]
[PlyCount "57"]
[EventDate "2023.02.05"]
[EventType "swiss (blitz)"]
[EventRounds "11"]
[EventCountry "SRB"]
[SourceTitle "EXT 2024"]
[Source "ChessBase"]
[SourceDate "2023.10.10"]
[SourceVersion "1"]
[SourceVersionDate "2023.10.10"]
[SourceQuality "1"]

1. e4 e5 2. Nc3 Nf6 3. f4 d5 4. fxe5 Nxe4 5. Qf3 Nxc3 6. dxc3 Be7 7. Bf4 Be6 8. 0-0-0 Nd7 9. Qg3 g5 10. Be3 c6 11. Nf3 h6 12. c4 Qc7 13. cxd5 cxd5 14. Bd4 a6 15. Kb1 0-0-0 16. Bd3 Kb8 17. Rhe1 Nc5 18. Qf2 Rc8 19. h3 Ka8 20. Bxc5 Bxc5 21. Nd4 Qb6 22. c3 Bxd4 23. Qxd4 Qxd4 24. cxd4 Rc7 25. Rf1 Ka7 26. Rf6 h5 27. Rc1 Re7 28. Rc2 h4 29. Kc1 1-0

[Event "Belgrade Radnicki IM2 10"]
[Site "Belgrade"]
[Date "2022.10.25"]
[Round "4"]
[White "Djokic, Nenad"]
[Black "Akbas, Umut Ata"]
[Result "0-1"]
[WhiteElo "2263"]
[BlackElo "2292"]
[PlyCount "58"]
[EventDate "2022.10.22"]
[EventType "tourn"]
[EventRounds "9"]
[EventCountry "SRB"]
[SourceTitle "EXT 2024"]
[Source "ChessBase"]
[SourceDate "2023.10.10"]
[SourceVersion "1"]
[SourceVersionDate "2023.10.10"]
[SourceQuality "1"]

1. d4 Nf6 2. Nf3 e6 3. c4 d5 4. Nc3 Bb4 5. Bg5 h6 6. Bxf6 Qxf6 7. e3 0-0 8. Rc1 dxc4 9. Bxc4 c5 10. 0-0 cxd4 11. Qxd4 Qe7 12. Ne5 Nd7 13. Nd3 Ba5 14. Qe4 Rd8 15. Rfd1 Nf6 16. Qh4 Bd7 17. Ne5 Be8 18. Ne4 Rxd1+ 19. Rxd1 Rd8 20. Rf1 Nd5 21. Qxe7 Nxe7 22. Be2 Bc7 23. Nf3 Bc6 24. Nc3 Ba5 25. Rc1 Bxf3 26. Bxf3 Rd2 27. Nd1 b5 28. Kf1 g5 29. Be2 b4 0-1